00345nam a2200109Ia 450000500170000000800410001710000260005824500990008426000210018330000110020465000200021520260326235454.0260326s9999||||xx |||||||||||||| ||und|| aWard-Perkins, John B. 0aCities of Ancient Greece and Italy :b Planning in classical antiquity /cJohn B. Ward-Perkins bGeorge Brazilier a128 p. aDISEÑO URBANO